00327nam a2200133Ia 450000500170000000800410001702000150005808200130007310000180008624500220010426000370012630000120016365000180017520250430042934.0240331s9999 xx 000 0 und d a9559595202 bWEEa891 aWeerasinghe,T 0aNadunana gahaniya aBorelsgamuwabCRC printersc1996 a60 p ., aShort Stories